<?xml version="1.0" encoding="UTF-8"?>
<record
    xmlns:xsi="http://www.w3.org/2001/XMLSchema-instance"
    xsi:schemaLocation="http://www.loc.gov/MARC21/slim http://www.loc.gov/standards/marcxml/schema/MARC21slim.xsd"
    xmlns="http://www.loc.gov/MARC21/slim">

  <leader>02812nam a2200349 i 4500</leader>
  <controlfield tag="001">194525</controlfield>
  <controlfield tag="003">SpMaBN</controlfield>
  <controlfield tag="005">20250711063124.0</controlfield>
  <controlfield tag="008">240503s2023    sp     | |||| 000   spa  </controlfield>
  <datafield tag="015" ind1=" " ind2=" ">
    <subfield code="a">MON23</subfield>
  </datafield>
  <datafield tag="017" ind1=" " ind2=" ">
    <subfield code="a">M 26503-2023</subfield>
    <subfield code="b">Oficina Dep&#xF3;sito Legal Madrid</subfield>
  </datafield>
  <datafield tag="020" ind1=" " ind2=" ">
    <subfield code="a">9788416842841</subfield>
  </datafield>
  <datafield tag="040" ind1=" " ind2=" ">
    <subfield code="a">SpMaBN</subfield>
    <subfield code="b">spa</subfield>
    <subfield code="c">SpMaBN</subfield>
    <subfield code="e">rda</subfield>
  </datafield>
  <datafield tag="100" ind1=" " ind2=" ">
    <subfield code="a">Romero Ram&#xED;rez, Vicente, </subfield>
    <subfield code="d">1947</subfield>
    <subfield code="9">236190</subfield>
    <subfield code="e">aut</subfield>
  </datafield>
  <datafield tag="245" ind1=" " ind2=" ">
    <subfield code="a">Los se&#xF1;ores de las tijeras : </subfield>
    <subfield code="b">el cine que la censura nos prohibi&#xF3; / </subfield>
    <subfield code="c">Vicente Romero Ram&#xED;rez</subfield>
  </datafield>
  <datafield tag="250" ind1=" " ind2=" ">
    <subfield code="a">2023</subfield>
  </datafield>
  <datafield tag="260" ind1=" " ind2=" ">
    <subfield code="b">Akal, </subfield>
    <subfield code="c">2023</subfield>
  </datafield>
  <datafield tag="300" ind1=" " ind2=" ">
    <subfield code="a">301 p&#xE1;ginas ; </subfield>
    <subfield code="c">22 cm</subfield>
  </datafield>
  <datafield tag="336" ind1=" " ind2=" ">
    <subfield code="a">Texto</subfield>
    <subfield code="2">rdacontent</subfield>
  </datafield>
  <datafield tag="337" ind1=" " ind2=" ">
    <subfield code="a">sin mediaci&#xF3;n</subfield>
    <subfield code="2">rdamedia</subfield>
  </datafield>
  <datafield tag="338" ind1=" " ind2=" ">
    <subfield code="a">volumen</subfield>
    <subfield code="2">rdacarrier</subfield>
  </datafield>
  <datafield tag="520" ind1=" " ind2=" ">
    <subfield code="a">Desde sus or&#xED;genes, el cine ha sido objeto de control para eliminar aquello que en cada &#xE9;poca el poder consideraba &#xAB;peligroso&#xBB;. En este libro, ameno al estar concebido como un gran reportaje, Vicente Romero nos narra la historia de la censura en el cine espa&#xF1;ol, con especial atenci&#xF3;n a los cuarenta a&#xF1;os de la dictadura franquista, cuando los se&#xF1;ores de las tijeras &#x2013;principalmente falangistas y representantes de la Iglesia&#x2013; impusieron los criterios religiosos y pol&#xED;ticos oficiales sobre lo que se pod&#xED;a o no ver en las pantallas: im&#xE1;genes cortadas, di&#xE1;logos suprimidos, argumentos tergiversados por el doblaje... hasta extremos tan absurdos y rid&#xED;culos que hoy nos generan una sonrisa, pero que representaron una condena para nuestro cine. 

Esta rigurosa investigaci&#xF3;n nos ofrece testimonios de nuestros principales cineastas (Berlanga, Bardem, Saura, Iquino, etc&#xE9;tera), as&#xED; como de integrantes de las juntas de censura, junto a algunas im&#xE1;genes de secuencias prohibidas y una selecci&#xF3;n de documentos oficiales in&#xE9;ditos sobre la actuaci&#xF3;n de los llamados &#xE1;ngeles guardianes que se esmeraban en una represi&#xF3;n cultural destinada &#x2013;seg&#xFA;n afirm&#xF3; el ministro de Informaci&#xF3;n, Arias Salgado&#x2013; a salvar almas de espa&#xF1;oles. 

Ante los ojos del lector, en estas p&#xE1;ginas se despliega una atractiva cr&#xF3;nica de los tiempos m&#xE1;s dif&#xED;ciles y oscuros de la sociedad espa&#xF1;ola, no tan lejanos, cuando permanec&#xED;a sometida a la estrechez moral y el dogmatismo del r&#xE9;gimen surgido de la Guerra Civil.</subfield>
  </datafield>
  <datafield tag="650" ind1=" " ind2="4">
    <subfield code="9">11016</subfield>
    <subfield code="a">Cine-</subfield>
    <subfield code="x">Censura-</subfield>
    <subfield code="z">Espa&#xF1;a</subfield>
  </datafield>
  <datafield tag="655" ind1=" " ind2="0">
    <subfield code="9">237084</subfield>
    <subfield code="a">Cine espa&#xF1;ol</subfield>
  </datafield>
  <datafield tag="852" ind1=" " ind2=" ">
    <subfield code="a">ES-MaACL</subfield>
    <subfield code="c">DEPOJ</subfield>
    <subfield code="j">N-9952</subfield>
    <subfield code="h">Donaci&#xF3;n: Jos&#xE9; L&#xE1;zaro Garc&#xED;a</subfield>
    <subfield code="x">Encuadernaci&#xF3;n r&#xFA;stica con solapas</subfield>
    <subfield code="9">205864</subfield>
  </datafield>
  <datafield tag="903" ind1=" " ind2=" ">
    <subfield code="9">234219</subfield>
    <subfield code="a">L&#xE1;zaro Garc&#xED;a, Jos&#xE9;</subfield>
    <subfield code="e">dnr</subfield>
  </datafield>
  <datafield tag="942" ind1=" " ind2=" ">
    <subfield code="c">MONOGRAFIA</subfield>
    <subfield code="n">0</subfield>
  </datafield>
  <datafield tag="999" ind1=" " ind2=" ">
    <subfield code="c">194525</subfield>
    <subfield code="d">194525</subfield>
  </datafield>
  <datafield tag="952" ind1=" " ind2=" ">
    <subfield code="0">0</subfield>
    <subfield code="1">0</subfield>
    <subfield code="2">udc</subfield>
    <subfield code="4">0</subfield>
    <subfield code="7">0</subfield>
    <subfield code="a">ATENEOM</subfield>
    <subfield code="b">ATENEOM</subfield>
    <subfield code="c">DEPOJ</subfield>
    <subfield code="d">2025-05-27</subfield>
    <subfield code="e">DONACION</subfield>
    <subfield code="l">0</subfield>
    <subfield code="o">N-9952</subfield>
    <subfield code="p">101230201</subfield>
    <subfield code="r">2025-05-27 00:00:00</subfield>
    <subfield code="w">2025-05-27</subfield>
    <subfield code="y">MONOGRAFIA</subfield>
  </datafield>
</record>
